Statystyki dla Przywódcy Polski od 1918 na zdjęciach

Kliknij tutaj aby rozwiązać quiz!

Ogólne statystyki

  • Ten quiz został rozwiązany 92 razy
  • Średni wynik to 12 z 15

Statystyki odpowiedzi

Odpowiedź% Poprawnych
Lech Kaczyński
99%
Andrzej Duda
96%
Józef Piłsudski
96%
Lech Wałęsa
96%
Wojciech Jaruzelski
92%
Bronisław Komorowski
91%
Aleksander Kwaśniewski
89%
Edward Gierek
87%
Bolesław Bierut
78%
Władysław Gomułka
78%
Gabriel Narutowicz
67%
Ignacy Mościcki
66%
Edward Ochab
52%
Stanisław Wojciechowski
52%
Stanisław Kania
29%

Rozkład punktacji

Percentyl według liczby udzielonych odpowiedzi

Procent ludzi z każdym wynikiem

Twoja historia wyników

Nie rozwiązałeś tego quizu